Statystyki dla Wszystkie wygrane mecze Gibraltaru

Kliknij tutaj aby rozwiązać quiz!

Ogólne statystyki

  • Ten quiz został rozwiązany 47 razy
  • Średni wynik to 7 z 9

Statystyki odpowiedzi

RokWynikReprezentacja% Poprawnych
20201–0San Marino
100%
20182–1Liechtenstein
91%
20201–0Liechtenstein
91%
20222-0Liechtenstein
91%
20221-0Andora
84%
20141-0Malta
70%
20113-0Wyspy Owcze
65%
20181–0Łotwa
63%
20181–0Armenia
35%

Rozkład punktacji

Percentyl według liczby udzielonych odpowiedzi

Procent ludzi z każdym wynikiem

Twoja historia wyników

Nie rozwiązałeś tego quizu